00573cam a2200181 a 4500020001500000040000800015082002600023100002800049245009600077260005900173300003400232490002100266650002100287650002100308650001500329650002100344700002600365 a9057025752 cUKM00a570 HAR 1999 A027 Or.1 aOgilvie, Marilyn Bailey12aA dame full of vim and vigor :ba biography of Alice Middleton Boring, biologist in China / aAmsterdam, The Netherlands :bHarwood Academic,cc1999 axvii, 217 p. :bill. ;c24 cm1 aWomen in science 0aWomen biologists 0aWomen biologists 0aBiologists 0aWomen biologists1 aChoquette, Clifford J